000 01791nam a2200469Ii 4500
001 DIGRENAC0093
003 NyNyDIG
008 191209s2017 sp ob 000 0 spa d
006 m o d
007 cr |||||||||||
035 _a(OCoLC)1130275201
040 _aDGITA
_beng
_erda
_epn
_cDGITA
020 _a9788417266905
_q(eBook ;
_qpdf)
020 _a8417266909
_q(eBook ;
_qpdf)
020 _z9788416981366
020 _z8416981361
043 _ae-sp---
050 1 4 _aPQ6085 ebook
082 0 4 _a861
100 1 _aFerrán, Jaime María,
_eauthor.
245 1 3 _aLa ruptura posmoderna :
_besteticismo y culturalismo en los poetas "novísimos" españoles /
_cJaime María Ferrán.
264 1 _aValencia de la Concepción (Sevilla) :
_bRenacimiento,
_cMMXVII [2017]
300 _a1 online resource.
336 _atext
_btxt
_2rdacontent
337 _acomputer
_bc
_2rdamedia
338 _aonline resource
_bcr
_2rdacarrier
347 _atext file
_2rdaft
347 _bPDF
490 1 _aIluminaciones ;
_v119
504 _aIncludes bibliographical references.
588 0 _aOnline resource; title from PDF title page (Digitalia, viewed December 12, 2019)
650 0 _aSpanish poetry
_y20th century
_xHistory and criticism.
650 0 _aPostmodernism (Literature)
_zSpain.
655 0 _aElectronic books.
791 2 _aDigitalia (Firm),
_edistributor.
793 0 _gDigitalia eBook Collection:
_aEditorial Renacimiento
776 0 8 _iPrint version:
_aFerrán, Jaime María.
_tRuptura posmoderna.
_dSevilla : Renacimiento, marzo de 2017
_z9788416981366
_w(DLC) 2017417612
_w(OCoLC)993973127
830 0 _aIluminaciones ;
_v119.
856 4 0 _3Digitalia Hispánica
_uhttps://www.digitaliapublishing.com/a/56408/
910 _aPremium collection: 2019
942 _cRAA
999 _c254800
_d254800